Pays du monde en une minute - Statistiques

Statistiques générales
  • Ce quiz a été pris 6 598 fois
  • Le résultat moyen est 72 sur 196
Réponses sur la Carte
Les réponses sont colorées sur une échelle allant du rouge au vert en fonction du pourcentage des utilisateurs qui les ont devinées à leur premier essai. Vous pouvez retrouver ces pourcentages ci-dessous.
 
Statistiques - réponses
Pays % Correct
France
93%
Canada
87%
États-Unis
86%
Russie
86%
Espagne
84%
Chine
81%
Brésil
80%
Mexique
77%
Italie
75%
Portugal
75%
Allemagne
74%
Australie
71%
Inde
71%
Argentine
70%
Maroc
70%
Algérie
69%
Japon
68%
Royaume-Uni
66%
Suède
66%
Chili
63%
Irlande
63%
Norvège
63%
Finlande
62%
Suisse
62%
Belgique
60%
Danemark
59%
Islande
59%
Tunisie
58%
Pérou
56%
Ukraine
56%
Égypte
55%
Pologne
55%
Turquie
55%
Grèce
52%
Colombie
51%
Mongolie
51%
République Démocratique du Congo
51%
Afrique du Sud
49%
Pays-Bas
49%
République du Congo
49%
Uruguay
49%
Bolivie
48%
Cuba
48%
Estonie
48%
Iran
48%
Irak
47%
Lettonie
47%
Libye
47%
Lituanie
47%
Corée du Sud
46%
Mali
46%
Autriche
45%
Indonésie
45%
Paraguay
45%
Corée du Nord
44%
Roumanie
44%
Venezuela
44%
Arabie Saoudite
42%
Équateur
42%
Madagascar
42%
Biélorussie
41%
Panama
41%
Croatie
40%
Niger
40%
Hongrie
39%
Yémen
39%
Albanie
38%
Luxembourg
38%
Monaco
38%
Oman
38%
Pakistan
38%
Andorre
37%
Nouvelle-Zélande
37%
Serbie
37%
Slovaquie
37%
Slovénie
37%
Soudan
37%
Thaïlande
37%
Bulgarie
36%
Guyana
36%
République Tchèque
36%
Viêt Nam
36%
Israël
35%
Nigeria
35%
Sénégal
35%
Syrie
35%
Vatican
35%
Costa Rica
34%
Émirats Arabes Unis
34%
Guatemala
34%
Kazakhstan
34%
Laos
34%
Suriname
34%
Haïti
33%
Honduras
33%
Kosovo
33%
Liban
33%
Malte
33%
Mauritanie
33%
Népal
33%
Qatar
33%
Bosnie-Herzégovine
32%
Nicaragua
32%
Somalie
32%
Tchad
32%
Afghanistan
31%
Belize
31%
Chypre
31%
Guinée
31%
Jamaïque
31%
Moldavie
31%
Togo
31%
Macédoine du Nord
30%
Bahamas
29%
Jordanie
29%
Malaisie
29%
Monténégro
29%
Saint-Marin
29%
Salvador
29%
Angola
28%
Cambodge
28%
Arménie
27%
Éthiopie
27%
Philippines
27%
République Dominicaine
27%
Sri Lanka
27%
Géorgie
26%
Ghana
26%
Kenya
26%
Soudan du Sud
26%
Bénin
25%
Bhoutan
25%
Birmanie
25%
Cameroun
25%
Bangladesh
24%
Côte d'Ivoire
24%
Namibie
24%
Ouzbékistan
24%
Taïwan
24%
Zambie
24%
Cap-Vert
23%
Dominique
23%
Fidji
23%
Koweït
23%
Liechtenstein
23%
Papouasie-Nouvelle- Guinée
23%
Tanzanie
23%
Azerbaïdjan
22%
Barbade
22%
Gabon
22%
Lesotho
22%
Maldives
22%
Zimbabwe
22%
Érythrée
21%
Mozambique
21%
Rwanda
21%
Turkménistan
21%
Bahreïn
20%
Burkina Faso
20%
Comores
20%
Djibouti
20%
Grenade
20%
Sainte-Lucie
20%
Tonga
20%
Antigua-et-Barbuda
19%
Botswana
19%
Gambie
19%
Guinée-Bissau
19%
Kirghizistan
19%
Kiribati
19%
Maurice
19%
Nauru
19%
Ouganda
19%
Saint-Vincent-et-les- Grenadines
19%
Samoa
19%
Seychelles
19%
Tadjikistan
19%
Tuvalu
19%
Brunei
18%
Eswatini
18%
Malawi
18%
Palaos
18%
République Centrafricaine
18%
Saint-Christophe- et-Niévès
18%
Singapour
18%
Trinité-et-Tobago
18%
Vanuatu
18%
Burundi
17%
États Fédérés de Micronésie
17%
Liberia
17%
Guinée Équatoriale
16%
Îles Marshall
16%
Îles Salomon
16%
Sao Tomé-et-Principe
16%
Sierra Leone
16%
Timor Oriental
13%
Aucun quiz correspondant
Distribution des résultats
% des personnes avec chaque résultat
Percentile par nombre de réponses
Votre historique - résultats
Vous n’avez pas pris ce quiz